000 00420nam a22001457a 4500
005 20180206132339.0
008 180206b xxu||||| |||| 00| 0 eng d
040 _cPK-LaUMT
082 _aPKAC 100
_bZAF-A
100 _aZafar Hussain Khan
245 _aAnwa e falsafa(انواع فلسفہ)
_cZafar Hussain Khan
260 _aعلی گڑھ:
_bانجمن ترقی اردو ہند،
_c1953
300 _a368
942 _cBK
999 _c102668
_d102668